Central Library OPAC University of Rajshahi

হাইলাস ও ফিলোনাসের সংলাপ / (Record no. 40497)

MARC details
000 -LEADER
fixed length control field 00932nam a2200253 a 4500
001 - CONTROL NUMBER
control field 40497
003 - CONTROL NUMBER IDENTIFIER
rucl marc code BD-RjUL
005 - DATE AND TIME OF LATEST TRANSACTION
control field 20211209053228.0
008 - FIXED-LENGTH DATA ELEMENTS--GENERAL INFORMATION
fixed length control field 160503s1975 bg ||||| |||| 00| 0 ben d
020 ## - INTERNATIONAL STANDARD BOOK NUMBER
Terms of availability Tk. 10.00
035 ## - SYSTEM CONTROL NUMBER
System control number (BD-RjUL)40612
040 ## - CATALOGING SOURCE
Original cataloging agency BD-RjUL
Language of cataloging ben
Transcribing agency BD-RjUL
041 ## - LANGUAGE CODE
Language code of text/sound track or separate title ben
082 ## - DEWEY DECIMAL CLASSIFICATION NUMBER
Edition number 23
Classification number 192
Author mark and year BUH 1975
100 ## - MAIN ENTRY--PERSONAL NAME
Personal name বার্কলি, জর্জ
9 (RLIN) 124725
245 10 - TITLE STATEMENT
Title হাইলাস ও ফিলোনাসের সংলাপ /
Statement of responsibility, etc. জর্জ বার্কলি ; অনুবাদ আবদুল মতীন
260 ## - PUBLICATION, DISTRIBUTION, ETC. (IMPRINT)
Place of publication, distribution, etc. ঢাকা :
Name of publisher, distributor, etc. বাংলা একাডেমী,
Date of publication, distribution, etc. ১৯৭৫
300 ## - PHYSICAL DESCRIPTION
Pagination [৮], ১৩৪ পৃ. ;
Size ২১ সেমি.
490 ## - SERIES STATEMENT
Series statement বা.এ. ;
Volume/sequential designation ৬৭৯
650 ## - SUBJECT ADDED ENTRY--TOPICAL TERM
Topical term or geographic name as entry element আদর্শবাদ
9 (RLIN) 124726
Topical term or geographic name as entry element Idealism.
9 (RLIN) 124727
700 ## - ADDED ENTRY--PERSONAL NAME
Personal name মতীন, আবদুল, অনুবাদক
942 ## - ADDED ENTRY ELEMENTS (KOHA)
Source of classification or shelving scheme Dewey Decimal Classification
Koha item type Books
Holdings
Lost status Source of classification or shelving scheme Damaged status Not for loan Collection code Permanent Location Current Location Shelving location Date acquired Source of acquisition Cost, normal purchase price Total Checkouts Full call number Date last seen Copy number Koha item type
  Dewey Decimal Classification     Non-fiction Central Library, University of Rajshahi Central Library, University of Rajshahi   16/06/1982 Aligor library, Rajshahi 10.00   B 192 BUH 1975 03/05/2016 C-2 Books
  Dewey Decimal Classification     Non-fiction Central Library, University of Rajshahi Central Library, University of Rajshahi   16/06/1982 Aligor library, Rajshahi 10.00   B 192 BUH 1975 03/05/2016 C-3 Books
  Dewey Decimal Classification     Non-fiction Central Library, University of Rajshahi Central Library, University of Rajshahi   16/06/1982 Aligor library, Rajshahi 10.00   B 192 BUH 1975 03/05/2016 C-4 Books
  Dewey Decimal Classification     Non-fiction Central Library, University of Rajshahi Central Library, University of Rajshahi   16/06/1982 Aligor library, Rajshahi 10.00   B 192 BUH 1975 03/05/2016 C-5 Books
  Dewey Decimal Classification     Non-fiction Central Library, University of Rajshahi Central Library, University of Rajshahi   15/08/1978 Bangla Academy, Dhaka 10.00   B 192 BUH 1975 03/05/2016 C-6 Books
  Dewey Decimal Classification     Non-fiction Central Library, University of Rajshahi Central Library, University of Rajshahi   02/08/1983 Aligor library, Rajshahi 10.00   B 192 BUH 1975 03/05/2016 C-7 Books
  Dewey Decimal Classification   Not For Loan Non-fiction Central Library, University of Rajshahi Central Library, University of Rajshahi Reading Room 15/08/1978 Bangla Academy, Dhaka 10.00   B 192 BUH 1975 04/12/2016 C-1 Books